000 00565nam a2200205 a 4500
005 20140310183510.0
008 101020s19uu xx 00 eng d
020 _a9780205724994
050 _aP 90
_b.Se3994 2011
100 _aSeiler, William J.
245 _aCommunication :
_bmaking connections /
_cWilliam J. Seiler.
250 _a8th ed.
260 _aBoston :
_bAllyn & Bacon,
_c2011.
300 _a488 p. :
_bcol. ill. ;
_c26 cm.
521 _aMC
650 _aCommunication.
700 _aBeall, Melissa L.
942 _cBK
_2lcc
_kFOR
999 _c24151
_d24151